Bổ sung loài vaccinium impressinerve C.Y WU - Sơn trâm gân lõm (Họ đỗ quyên - Ericaceae juss.) cho hệ thực vật Việt Nam /

Đã lưu trong:
Sonraí Bibleagrafaíochta
Príomhúdar: Nguyễn Thị Thanh Hương.
Údair Eile: Nguyễn Tiến Hiệp., Trần Minh Hợi.
Formáid: Bài viết
Teanga:Vietnamese
Ábhair:
Clibeanna: Cuir Clib Leis
Gan Chlibeanna, Bí ar an gcéad duine leis an taifead seo a chlibeáil!
Thư viện lưu trữ: Thư viện Trường Đại học Đà Lạt
LEADER 00974nam a2200289 4500
001 DLU110119399
005 ##20110406
040 # # |a DLU  |b vie 
041 # # |a vie 
044 # # |a vn 
100 # # |a Nguyễn Thị Thanh Hương. 
245 # # |a Bổ sung loài vaccinium impressinerve C.Y WU - Sơn trâm gân lõm (Họ đỗ quyên - Ericaceae juss.) cho hệ thực vật Việt Nam /  |c Nguyễn Thị Thanh Hương, Nguyễn Tiến Hiệp, Trần Minh Hợi. 
653 # # |a Hệ thực vật 
653 # # |a Sinh thái  
653 # # |a Sinh vật học 
700 # # |a Nguyễn Tiến Hiệp. 
700 # # |a Trần Minh Hợi. 
773 # # |t Tạp chí sinh học  |g Số 4(30), 2008, tr. 49-51 
920 # # |a Phòng Tạp chí -- Trung tâm Thông tin - Thư viện Trường Đại học Đà Lạt 
994 # # |a DLU 
900 # # |a True 
911 # # |a Nguyễn Thị Linh Chi 
925 # # |a G 
926 # # |a A 
927 # # |a BB 
980 # # |a Thư viện Trường Đại học Đà Lạt